| 000 | 00995nam a2200253 i 4500 | ||
|---|---|---|---|
| 001 | 26239 | ||
| 003 | ES-MaACL | ||
| 005 | 20250822235312.0 | ||
| 007 | t| | ||
| 008 | 030108s1917 it a |||| | ita d | ||
| 100 | 1 |
_aAmbrosoli, Solone. _921179 |
|
| 245 | 1 | 0 |
_aMonete greche / _cdal prof. dott. Serafino Ricci. |
| 250 | _aSecondo edizione completamente rifatta dal Serafino Ricci. | ||
| 260 |
_aMilano : _bU. Hoepli, _c1917 ( _fUmberto Allegretti) |
||
| 300 |
_aXXV, 626 p. : _bil. ; _c15 cm. |
||
| 490 | 1 | _aManuali Hoepli | |
| 505 | 8 | _aContiene: Numismatica greca. - Ermeneutica delle monete. - Classificazione dei sistemi e delle officine monetarie. - La moneta greca nell'antichità e nell'arte classica. - Cenni e prontuari delle varie categorie di prezzi | |
| 650 | 4 |
_aMonedas griegas. _9166451 |
|
| 650 | 7 |
_aNumismática griega _2embne _9163048 |
|
| 700 | 1 |
_aRicci, Serafino. _996883 |
|
| 830 | 0 |
_aManuali Hoepli _9180782 |
|
| 852 |
_aES-MaACL _jG-15353 |
||
| 999 |
_c26239 _d26239 |
||